000 00543cam a2200205ua 4500
020 _c35.00
041 _aeng
_h
082 _a519.062
_bNAR/AD
100 _aNarayanan, Pillai S .
245 _aAdvanced mathematics for engineering students, Vol 1 /
_cS Narayanan pillai.
_hTextual Documents
250 _a1 /
_b.
260 _aChennai :
_bS.Viswanathan ,
_c1993.
300 _a359 ; .
365 _a35.00
504 _a
700 1 _aManicavachagom, T K .
700 1 _aRamanaiah, G .
942 _cBK
999 _c9855
_d9855